[Event "Veliko Gradiste Silver Lake op-A"]
[Site "Veliko Gradiste"]
[Date "2017.06.22"]
[Round "6"]
[White "Abramovic, Bosko"]
[Black "Atalik, Suat"]
[Result "0-1"]
[WhiteElo "2413"]
[BlackElo "2525"]
[Annotator "Atalik,S"]
[PlyCount "130"]
[EventDate "2017.06.18"]
[EventType "swiss"]
[EventRounds "9"]
[EventCountry "SRB"]
[SourceTitle "CBM 180"]
[Source "ChessBase"]
[SourceDate "2017.09.13"]
[SourceVersion "1"]
[SourceVersionDate "2017.09.13"]
[SourceQuality "1"]

1. Nf3 c5 2. g3 d5 3. Bg2 Nc6 4. d3 $6 {Among all the defences with reversed
colours Grünfeld does the best in this move order.} (4. d4 $1 Nf6 5. O-O e6 6.
c4 dxc4 {leads to a branch of the Catalan.}) 4... e5 5. O-O Be7 ({Avoiding} 
5... Nf6 6. Bg5 Be7 7. Nfd2) 6. c4 (6. e4 d4 7. a4 g5 {and Black does not
particularly need a bishop on g4 like in the Averbakh.}) 6... d4 7. e3 Nf6 8.
exd4 (8. Re1 O-O 9. Na3 Bf5 10. exd4 exd4 11. Ne5 (11. Bf4 Bd6 12. Ne5 Nxe5 13.
Bxe5 Re8 14. Qf3 Rxe5 15. Rxe5 Bg4 16. Qf4 Bxe5 17. Qxe5 Qa5 $1 {may well be
an improvement on Ghitescu-Lukacs,Lodz 1978.}) 11... Nxe5 12. Rxe5 Bg4) 8...
exd4 9. Bg5 $6 {Directly going into what Polugaevsky made a bread and butter
choice with reversed colors in the Averbakh. Like in many of these structures
Bg5 is a move to define the opponent's pawn structure and once it is
established, the bishop sortie is not needed.} (9. Re1 O-O 10. Ne5 (10. Bf4 Bd6
(10... h6 11. Ne5 Nxe5 12. Bxe5 Bd6) 11. Bg5 (11. Ne5 Nxe5 12. Bxe5 Bxe5 13.
Rxe5 Qc7)) 10... Nxe5 11. Rxe5 Bd6 12. Re1 Bg4 $13) (9. Bf4 O-O 10. Ne5 Nxe5
11. Bxe5 Ng4 12. Bf4 Bd6 $13) 9... O-O (9... h6 10. Bxf6 Bxf6 11. Re1+ Kf8 12.
Nfd2) 10. a3 a5 (10... h6 $5 11. Bxf6 Bxf6 12. Nfd2 $1) 11. Nbd2 h6 12. Bxf6
Bxf6 13. Qc2 Qc7 (13... Bd7 $5) 14. Rfe1 Bd7 15. Re2 Rae8 16. Rae1 Bd8 $1 $15 {
The Averbakh with colours reversed!} 17. Rxe8 Rxe8 18. Qd1 b6 {At some moment
Black should start expanding on the kingside.} (18... f5 $5) (18... g5 $5) (
18... g6 $5) 19. h3 $5 (19. h4 g6) (19. Rxe8+ Bxe8 20. Qe2 Qe7 $1 $15) 19... f5
20. Nh2 Rxe1+ 21. Qxe1 Qe5 22. Bd5+ Kf8 23. Qd1 $1 {Despite avoiding the
exchange of queens White is not in good shape.} g6 {Cautious!} (23... g5) 24.
Nhf3 Qe8 25. Nh2 Kg7 26. Ndf1 g5 (26... Bc7 27. f4 $1) 27. g4 fxg4 $1 {Black
gets f4 and h4 and does not give the g4-square to White's knight.} (27... Bc7
28. gxf5 $1 Ne7 29. Be6) 28. hxg4 Bc7 29. Be4 Bf4 30. Qe2 a4 31. Ng3 {This
exchange is unavoidable:} (31. Kg2 Ne5 (31... Qe5 $5) 32. Ng3 Bxg3 33. fxg3 (
33. Kxg3 $2 Ng6) 33... Nf7 {like in the game.}) 31... Bxg3 32. fxg3 Nd8 $1 (
32... Ne5 $2 33. Bf5) 33. Qf3 Nf7 34. Kf2 Nd6 35. Bd5 Qe5 $1 {Queens should be
exchanged on f6} ({but not} 35... Qf8 $2 36. Qxf8+ Kxf8 37. Nf3 Bxg4 38. Bc6
$11 (38. Ne5)) 36. Nf1 Qf6 37. Qxf6+ Kxf6 38. Bf3 (38. Nh2 Nf7 39. Nf3 Bxg4 40.
Bxf7 Bxf3 41. Be8 Bd1 $19) 38... Nf7 39. Be2 Ne5 $19 {Triumph of Black's
strategy!} 40. Nd2 $5 (40. Nh2 b5 $19 {wins a pawn.}) 40... Nxg4+ 41. Bxg4 Bxg4
42. b3 axb3 43. Nxb3 Bd7 44. Nd2 g4 $5 (44... Bf5 45. Ke2 h5 46. a4 h4 47. gxh4
gxh4 48. a5 bxa5 49. Nb3 h3 $19) 45. Nb3 (45. Ne4+ Ke5) 45... h5 46. Nc1 Bf5
47. a4 (47. Ke2 Kg5 $19) 47... Ke5 (47... Kg5 $19) 48. Ke1 Bd7 49. Ne2 Be8 $5 {
Too profound!} (49... Bxa4 50. Nf4 Be8 51. Nd5 b5 52. Nc7 b4 53. Nxe8 b3 54.
Kd2 h4 $19) 50. Kf2 (50. Nf4 h4 51. Nd5 h3 52. Kf2 h2 53. Kg2 Bc6 $19 {is the
main idea behind Black's bishop manoeuvre.}) 50... Bxa4 $19 51. Nf4 Be8 52. Ng2
Bf7 53. Ke2 Kf5 54. Nh4+ Kg5 55. Kd2 Be8 56. Ng2 Bc6 57. Nh4 b5 58. cxb5 Bxb5
59. Ng2 Bc6 60. Nh4 Kf6 61. Ke2 c4 $1 {Paralyses the knight and collects the
point.} 62. dxc4 Be4 63. Kd2 Ke5 64. Kc1 Kd6 (64... d3 $19) 65. Kb2 Kc6 $1 {
Black triangulates and gives White the move} (65... Kc5 {in the critical
position.} 66. Kb3) (65... Kc6 66. Kb3 (66. Ka3 d3) 66... Kc5 $19) 0-1

[Event "Subasic Memorial 5th"]
[Site "Zenica"]
[Date "2006.12.08"]
[Round "1"]
[White "Dumpor, Atif"]
[Black "Atalik, Suat"]
[Result "0-1"]
[WhiteElo "2411"]
[BlackElo "2583"]
[Annotator "Atalik,S"]
[PlyCount "106"]
[EventDate "2006.12.08"]
[EventType "tourn"]
[EventRounds "9"]
[EventCountry "BIH"]
[EventCategory "9"]
[SourceTitle "CBM 115 Extra"]
[Source "ChessBase"]
[SourceDate "2007.01.10"]
[SourceVersion "1"]
[SourceVersionDate "2007.01.10"]
[SourceQuality "1"]

{The game has an interesting story. 8th was supposed to be the arrival day for
the tournament. However, when they have changed it into the first day of the
tournament it caused me some difficulties. The night before the game I had to
bring my father to a cardiologist, then I have entered home as late as 1.00 a.
m and did not have a perfect sleep due to a noisy night by my 1,5 months old
son of mine VV. I had to wake up as early as 7.00 go to the airport which is
in the other side of Istanbul wait for my flight. Then came more bad news, the
flight was delayed for an hour. So after all these I came having my luggages
in my hands right to the game. Organizers asked me if I wanted to postpone the
game, I have said no. After all I did not play a tournament for 2,5 months and
I was thirsty.} 1. Nf3 d5 2. g3 g6 $5 {An interesting move which I have
already played.} 3. Bg2 Bg7 4. c4 (4. d4 c6 $5 {Avoiding the Neo-Gruenfeldt
since any c4 could be captured now.} 5. O-O Nf6 $11) 4... dxc4 $5 {This is in
the spirit of Gruenfeld. I remember that Tukmakov has experimented with it in
the mid 80's.} (4... d4 5. d3 e5 6. O-O Ne7 7. b4 a5 8. b5 c5 9. bxc6 Nexc6 $13
{is another way to handle this opening for Black.}) 5. Qa4+ (5. Na3 c5 6. Qa4+
(6. Nxc4 Nc6) 6... Nc6 7. Qxc4 Qb6 $13) 5... Nc6 6. Qxc4 h6 $5 {This turns out
to be a novelty. However it is a very natural move in my opinion.} (6... e5 $6
7. Ng5 Nh6 8. Bxc6+ bxc6 9. Nc3 $16 {is annoying.}) 7. O-O ({is not in the
style of these people.} 7. d4 $6 Nxd4 (7... Be6 8. Qa4 Qd7 $132) 8. Nxd4 Bxd4 (
8... Qxd4 9. Qxc7 Qd7 10. Qc4 $13) 9. O-O c6 $17 {and it is difficult to say
what white has in return for the sacrificed pawn.}) 7... e5 8. d3 Nge7 9. Nc3
O-O {In principle I like these kind of Dragon positions for the other side.
The hole on d4 and backward e pawn gives Black an easy game.} (9... Be6 10. Qa4
) 10. Be3 Nf5 11. Bc5 Re8 12. Rfe1 Ncd4 13. Rac1 {Draw offer} c6 14. Nxd4 $6 {
A conceptional mistake. His black squared bishop is a troublemaker.} (14. Bxd4
exd4 15. Ne4 Nd6 16. Nxd6 Qxd6 17. Nd2 Be6 18. Qa4 a5 $15) 14... exd4 15. Ne4
Be6 16. Qc2 Bd5 (16... b6 17. Ba3 Bd5 18. b4 a5 $17) 17. a4 b6 18. Ba3 a5 19.
b3 c5 $17 {By simple play Black has taken over the intiative.} 20. Rb1 Ne7 $1 {
Probing the weaknesses in the e line.} 21. Bh3 (21. e3 Nc6 $17) 21... Nc6 22.
Rbd1 (22. Nd2 h5 23. Nc4 Bh6 $17) 22... Ra7 23. Nd2 h5 $1 ({I did not find a
decent continuation after} 23... Rae7 24. Nc4 Bf3 25. Bf1 Re6 26. Qd2 $17) 24.
Nc4 Bh6 25. Bc1 Nb4 26. Qb1 Bxc1 27. Qxc1 Rae7 (27... Na2 $2 28. Qd2 Nc3 29.
Ra1 Rae7 30. e4 $11) 28. Qd2 h4 $1 {Black has to open the kingside in order to
prove his advantage.} 29. Bg4 $1 {This good defensive move has confused me.} (
29. gxh4 Bxc4 30. bxc4 Re5 $19) 29... f5 30. Bf3 Bxf3 $2 $138 {Finally fatigue
started to effect me. Giving the killing punch in a strategically won position
is always the most difficult part of our game.} (30... h3 $1 31. e4 $5 dxe3 32.
Bxd5+ Qxd5 33. fxe3 Rd8 34. d4 Qc6 $19 {is the way.}) 31. exf3 h3 {Now we have
entered the most interesting part of the game. Obviously Black has the
advantage, but the shuttered pawn structures combined with the possibility of
queen dives makes things really difficult to appreciate in advance.} 32. Rxe7
$5 {White has to play some exact moves to equalize.} (32. Kf1 Kg7 $1 (32... Qd5
$6 33. Rxe7 Rxe7 34. Re1 Rxe1+ 35. Qxe1 Kf7 (35... Nxd3 36. Qe2 $1 $11 {
is the tactical move which I have missed in many of the coming lines.} (36.
Qe8+ Kg7 37. Qe7+ Qf7 $17)) 36. Qe2 (36. Qe5 Qxe5 37. Nxe5+ Ke6 38. f4 g5 39.
Ke2 gxf4 40. gxf4 Nd5 41. Kf3 $11) 36... g5 37. Ke1 $11) 33. Rxe7+ Qxe7 34. Re1
Qxe1+ 35. Qxe1 Rxe1+ 36. Kxe1 g5 $1 {Important to get this one in.} (36...
Nxd3+ $2 37. Ke2 Nc1+ 38. Kd2 $16) 37. Ke2 (37. Nxb6 $2 Nxd3+ 38. Ke2 Ne5 $19)
(37. Kd2 Nd5 $17) 37... Nd5 38. Kd2 Kf6 $15) 32... Rxe7 $2 {I was to much
relying on the possibility of Qd5.} (32... Qxe7 33. Kf1 Kg7 $1 (33... Qb7 34.
Re1 Rxe1+ 35. Qxe1 Nxd3 36. Qe6+ (36. Qe2 Nc1 37. Qe8+ Kh7 38. Ne5 Qg7 39. Nd7
$11) 36... Kh7 37. Nd6 Qxf3 38. Qe7+ $11) 34. Re1 Qxe1+ 35. Qxe1 Rxe1+ 36. Kxe1
g5 $15) 33. Kf1 (33. Re1 Rxe1+ 34. Qxe1 Nxd3 35. Qe2 Nb4 (35... Nc1 36. Qe6+
Kg7 37. Ne5 Qf6 38. Qd7+ $11) 36. Qe6+ Kg7 37. Ne5 Qf6 38. Qd7+ Kg8 $11) (33.
Qh6 $2 Qe8 34. Qxh3 Nxd3 35. f4 Re2 36. Rf1 Ne1 37. g4 Qe4 $19) 33... Qd5 34.
Qf4 $2 {A nervous and empty move. These people who are very nervous and unable
to calculate during a game usually they like some pseudo active moves and they
like to die in an epic way.} (34. Re1 Re6 35. Rxe6 Qxe6 36. Qe2 Kf7 37. Qxe6+
Kxe6 38. Ke2 Nd5 39. f4 $11 {There is nothing wrong for White in the knight
ending especially if Black could not bring g5 in.}) 34... Kg7 (34... Qe6 35.
Qd2 Qc6 36. Re1 Rxe1+ 37. Qxe1 Kf8 $11 {is too tiny probably amounts to
nothing.}) 35. Qd6 Qxd6 36. Nxd6 Re6 37. Nc4 g5 $1 {At least I could have
thrown this one in.} (37... f4 38. g4 (38. Re1 Rf6 $5 $36) 38... Kf8 (38... Kf7
39. Nd2) ({or} 38... Kf6 39. Nd2) 39. Re1 Rxe1+ 40. Kxe1 Nxd3+ 41. Ke2 Nb4 42.
Nxb6 Ke7 43. Nc4 Nc6 44. Kd3 Ke6 45. Ke4 g5 46. Na3 Ne5 47. Nc4 Nxc4 48. bxc4
$11) 38. Rd2 {Signs of a misjudgement of the current position.} (38. Re1 Kf6 (
38... Rxe1+ 39. Kxe1 Nxd3+ 40. Ke2 (40. Kd2 Nxf2 41. Nxb6 g4) 40... Nb4 41.
Nxb6 $11) 39. Rxe6+ Kxe6 40. Ke2 Nd5 41. Kd2 $15) 38... Kf6 39. Nb2 $6 {
Misplacing his best piece Nc4 temporarily.} (39. Rd1 $142 $15) 39... Nc6 $1 40.
Re2 $4 {The final touch!} (40. Nc4 $1 Ne5 41. Nxe5 Rxe5 42. Re2 Rxe2 43. Kxe2
f4 44. g4 Ke5 45. Kd2 Kd5 46. Kc2 Kc6 47. Kb2 b5 48. axb5+ Kxb5 49. Ka3 Kb6 50.
Ka2 ({Even} 50. Ka4 {does not lose.} Ka6 51. Ka3 Kb5 52. Ka2 Kb4 53. Kb2 a4 54.
bxa4 Kxa4 55. Ka2 Kb4 56. Kb2 c4 57. dxc4 Kxc4 58. Kc2 d3+ 59. Kd2 Kd4 60. Kd1
Kc3 61. Kc1 $11) 50... Ka6 51. Kb2 $11) 40... Ne5 $19 41. f4 gxf4 42. gxf4 Nf3
$1 {Now the white pawns fall like ripe apples.} 43. Rxe6+ Kxe6 44. Nc4 (44. Ke2
Nxh2 45. f3 Ng4 $1 $19) 44... Nxh2+ 45. Kg1 Nf3+ 46. Kh1 (46. Kf1 Ne1 $19)
46... Ne1 47. Nxb6 Nxd3 48. Nc4 Nxf2+ 49. Kh2 d3 50. Kg3 Ne4+ 51. Kxh3 d2 52.
Ne3 Nf2+ 53. Kg2 d1=Q 0-1

[Event "ROM-chT"]
[Site "Sovata"]
[Date "2003.05.01"]
[Round "2"]
[White "Musat, Adrian"]
[Black "Atalik, Suat"]
[Result "0-1"]
[WhiteElo "2410"]
[BlackElo "2568"]
[Annotator "Atalik,S"]
[PlyCount "82"]
[EventDate "2003.04.30"]
[EventType "team"]
[EventRounds "7"]
[EventCountry "ROU"]
[SourceTitle "CBM 096"]
[Source "ChessBase"]
[SourceDate "2003.09.25"]
[SourceVersion "1"]
[SourceVersionDate "2003.09.25"]
[SourceQuality "1"]

1. Nf3 d5 2. c4 d4 3. d3 $5 c5 $6 ({I have to learn about} 3... Nc6 4. g3 e5 5.
Bg2 Bb4+ 6. Bd2 a5) 4. e3 $1 Nc6 5. exd4 cxd4 6. g3 {Now we have a Benoni with
a tempo up for white.} g6 {I have just wanted to gain some more practice in
fianchetto systems.} 7. Bg2 Bg7 8. O-O Nf6 9. Na3 O-O 10. Nc2 $6 {This retreat
is too early.} (10. Re1 $142) 10... a5 11. b3 e5 $1 {Now we have a regular
Benoni with fianchetto and Na3.} 12. Ng5 $2 {This is a bad idea.Usually if e4 
(or e5) happens in Benoni of this type white or black goes for Bg4 (or Bg5 in
our game) in order to secure bishop and knight trade.} (12. Bg5 h6 13. Bxf6
Qxf6 14. Nd2 Bf5 $13) 12... Re8 13. Re1 h6 14. Ne4 Nxe4 15. Bxe4 Be6 16. Rb1
Qd7 17. Bd2 (17. b4 f5 18. Bg2 e4 $17) 17... Bf5 $1 {The star move in the game.
f5 will come only after the bishops exchange.} 18. Bxf5 Qxf5 19. Qe2 Qd7 20. f3
f5 $17 21. Qg2 Kh7 $1 {I did not want to win the exchange since this would
give him an equal game.Now I had to show some patience.} (21... e4 $6 22. fxe4
Ne5 23. exf5 Qxf5 24. Nxd4 Qxd3 25. Be3 Ng4 (25... Nxc4 $2 26. Qd5+ Kh7 27.
bxc4 Rxe3 28. Ne6 $16) (25... Rad8 26. Rbd1) 26. Qd5+ Kh7 27. Ne6 Qxd5 28. cxd5
Nxe3 29. Rxe3 Bd4 30. Rbe1 Bxe3+ 31. Rxe3 $44) 22. Re2 {White changes strategy
and plays for defence rather than an offensive plan connected with a3,b4.} (22.
a3 Nd8 $1 (22... e4 $5 23. fxe4 Ne5 $44) 23. f4 Nf7 $17) 22... Nd8 $1 {An
important maneuver.} 23. Rbe1 Nf7 {Knight can not travel to c5.} (23... Ne6 $2
24. Rxe5 Bxe5 25. Rxe5 $44) 24. Bc1 Ra6 25. Bb2 Rae6 $17 {Black has much more
space and his pieces do have more scope.} 26. Na3 Bf8 27. Nb5 Bb4 28. Rf1 Bc5
29. Kh1 $138 Ng5 30. Bc1 $1 {Believe or not I did not see that.} Nf7 $5 (30...
e4 $5 31. fxe4 fxe4 32. Bxg5 hxg5 33. Qh3+ (33. dxe4 d3 34. Ree1 g4 $40) 33...
Kg7 34. Rxe4 Qc6 $40) 31. Bd2 $6 {The bishop belongs to the other diagonal in
my opinion.} (31. Bb2 Kg7 $17) 31... b6 32. Rfe1 h5 33. Rf1 Kg7 34. Rfe1 R8e7
35. a3 Nd6 $1 36. b4 $2 (36. a4 Nf7 $17 {and whites only counter with b4 is
taken out.}) 36... axb4 37. axb4 Nxb5 38. bxc5 Nc3 {White is lost with his
heavy artillery suffocating.} 39. Bxc3 dxc3 40. f4 $2 {The notorius 40th move.
White spoils everything.} (40. cxb6 $1 Qxd3 $1 (40... Rxb6 $2 41. Qf2 Rd6 42.
Qc5 Rxd3 43. Rxe5 Rxe5 44. Qxe5+ $132) 41. c5 Qd5 {After this black has a win
in both lines,with or without fe4.} 42. Rb1 (42. Qf2 e4 43. Kg1 Rc6 44. Rb1 Rb7
45. Rb5 Qd1+ 46. Kg2 Qd3 47. Rb3 Rxc5 $19) 42... Rb7 43. Qf2 Rc6 44. Rb5 e4 45.
fxe4 fxe4 46. Kg2 Rf7 47. Qe3 Qd3 48. Rb3 Rxc5 49. Qxe4 Qd1 $19) 40... e4 $1
$19 {Now black is using whites weak first rank with full effect.} 41. dxe4 (41.
cxb6 exd3 $19 {and black comes first.}) 41... Rxe4 (41... Rxe4 42. Rxe4 Rxe4
43. Rc1 Qd2 $1 44. Qg1 bxc5 $19 {white's pieces is stalemated.}) 0-1

[Event "Continental op"]
[Site "Las Vegas"]
[Date "2001.07.28"]
[Round "4"]
[White "Altounian, Levon"]
[Black "Atalik, Suat"]
[Result "0-1"]
[WhiteElo "2441"]
[BlackElo "2537"]
[Annotator "Atalik,S"]
[PlyCount "60"]
[EventDate "2001.07.26"]
[EventType "swiss"]
[EventRounds "6"]
[EventCountry "USA"]
[SourceTitle "EXT 2002"]
[Source "ChessBase"]
[SourceDate "2001.11.25"]
[SourceVersion "1"]
[SourceVersionDate "2001.11.25"]
[SourceQuality "1"]

1. Nf3 d5 2. c4 d4 3. e3 Nc6 4. exd4 Nxd4 5. Nxd4 Qxd4 6. Nc3 c6 7. d3 Nh6 $1 {
I like GM Granda Zuniga's novelty from 1996.} 8. Be3 Qd8 ({I was pondering
about what could be the best place for my queen.} 8... Qd7 {comes into
consideration.}) 9. Bxh6 gxh6 10. d4 Bg7 11. d5 cxd5 $6 ({The best seems to me
} 11... Qb6 12. Qd2 Bf5 $15) (11... Qd6 {Zvjaginsev-Granda Zuniga,Pamplona
1996.} 12. Qd2 Qg6 13. Bd3 Qxg2 14. O-O-O Qg5 15. f4 Bxc3 16. Qxc3 Qxf4+ 17.
Kb1 $44) 12. cxd5 Bf5 $6 {Very risky, most likely anything is better.} 13. Bb5+
Kf8 14. O-O a6 15. Bd3 Bg6 16. Bxg6 $1 {This surprised me but only after I
have understood that balack is worse.} hxg6 17. Qb3 $1 Rb8 18. Rad1 Qc7 $14 19.
d6 $6 {This brings back equality in the game.} (19. Ne4 Kg8 $14 (19... Be5 $2
20. f4 $1)) 19... exd6 20. Nd5 Qd8 21. Rfe1 Bf6 22. Nxf6 (22. Qf3 $6 Bxb2 {
risky but most likely works.} (22... Kg7 23. Qxf6+ Qxf6 24. Nxf6 Kxf6 25. Rxd6+
Kg7 $11) 23. Re7 Rh7 24. Rb1 Be5) 22... Qxf6 23. Qb4 Rd8 24. Qxb7 Kg7 25. b3 {
Ambitious.} (25. Qxa6 Qxb2 26. Rxd6 Rxd6 27. Qxd6 Re8 $1 $11) 25... d5 $1 26.
Rxd5 $4 {This move makes the game interesting.} ({After the boring} 26. Qe7 {
only a draw may be expected.}) 26... Rhe8 $1 $19 27. Red1 (27. Rdd1 Qc3 $1 28.
Kf1 Rxe1+ 29. Rxe1 Qd3+ 30. Kg1 (30. Re2 Re8) 30... Qe2 31. Qb4 Rd1 $19) (27.
Rf1 Re7 $1 $19) 27... Re2 28. f4 (28. Rf1 Re7 $19) (28. f3 Qg5 $1 $19) 28...
Qxf4 29. Rf1 Qe3+ 30. Kh1 Qf2 (30... Qf2 31. Rg1 Re1 $19) 0-1

[Event "Noyabrsk Fakel Jamala"]
[Site "Noyabrsk"]
[Date "2003.11.25"]
[Round "8"]
[White "Miroshnichenko, Evgenij"]
[Black "Farakhov, Rafail"]
[Result "1-0"]
[WhiteElo "2571"]
[BlackElo "2383"]
[Annotator "Atlas,V"]
[PlyCount "57"]
[EventDate "2003.11.18"]
[EventType "tourn"]
[EventRounds "11"]
[EventCountry "RUS"]
[EventCategory "10"]
[SourceTitle "CBM 099"]
[Source "ChessBase"]
[SourceDate "2004.03.30"]
[SourceVersion "1"]
[SourceVersionDate "2004.03.30"]
[SourceQuality "1"]

1. Nf3 d5 2. c4 dxc4 3. Na3 a6 4. Nxc4 b5 5. Ne3 Nf6 6. g3 Bb7 7. Bg2 e6 8. O-O
Be7 9. a4 O-O 10. axb5 axb5 11. Rxa8 Bxa8 12. Qb3 c6 13. d4 Nbd7 14. Rd1 Qb8
15. Ng5 Nd5 16. Qd3 Bxg5 17. Nxd5 Bxc1 $5 (17... cxd5 18. Bxg5 Rc8 {also
deserved attention here.}) 18. Ne7+ Kh8 19. Rxc1 Qd6 20. Nxc6 Rc8 21. Qxb5 Nb8
22. b4 Bxc6 23. Rc5 g6 ({After} 23... Qd7 24. Qc4 h6 25. b5 Bb7 26. Bxb7 Rxc5
27. dxc5 Qxb7 28. c6 {White keeps an edge.}) 24. Qc4 Kg7 25. Qc3 Bxg2 26. Rxc8
Bb7 27. Rc7 Qd5 $2 ({A decisive mistake.} 27... Bd5 {was essential.}) {[%tqu
"En","White has a terrific position. How to harvest it?","Exploit a shaky
position of the black bishop and an unfortunate placement of the enemy king.",
"Try to deflect the black king.","e2e4","This efficient pawn move wins
immediately.",5]} 28. e4 $1 {[%csl Rb7,Gc3,Gc7,Gd4,Rd5,Ge4,Rg7] A nice winning
move. Black loses his bishop.} Qxe4 (28... Qb5 {falls short of} 29. d5+ Kg8 (
29... e5 30. Qxe5+ Kg8 31. Qe7) 30. dxe6 {, winning.}) 29. d5+ $1 {[%csl Rb7,
Gc3,Gc7,Rg7] winning the bishop and the game.} 1-0

[Event "Moscow2"]
[Site "Moscow"]
[Date "1995.??.??"]
[Round "?"]
[White "Serper, Grigory"]
[Black "Kholmov, Ratmir D"]
[Result "0-1"]
[WhiteElo "2585"]
[BlackElo "2445"]
[Annotator "Belov,I"]
[PlyCount "112"]
[EventDate "1995.04.??"]
[EventType "tourn"]
[EventRounds "9"]
[EventCountry "RUS"]
[EventCategory "11"]
[SourceTitle "CBM 047"]
[Source "ChessBase"]
[SourceDate "1995.08.01"]
[SourceVersion "1"]
[SourceVersionDate "1995.08.01"]
[SourceQuality "1"]

1. Nf3 d5 2. c4 d4 3. g3 c5 4. b4 cxb4 5. a3 bxa3 (5... b3 6. Bg2 (6. Qxb3) (6.
d3 Nc6 7. Nbd2) 6... Nc6 7. O-O e5 8. d3 a5 9. Qxb3 a4 10. Qd1 (10. Qb2 $5)
10... Bc5 11. Nbd2 f5 12. Ne1 Nf6 13. Nc2 O-O $15 {Dizdarevic,E-Ionescu,Co/
Kavala Balkanlad/1994/0,5/76/}) 6. Bg2 (6. Bxa3 Nc6 7. d3 e5 (7... g6 8. Bg2
Bg7 9. O-O Nh6 10. Nbd2 O-O 11. Ne1 Bd7 12. Nc2 Qc8 13. Nb4 Nxb4 14. Bxb4 $44 {
Larsen,B-Portish,L/Palma de Mallorka(izt)/1970/}) 8. Qa4 Bxa3 9. Qxa3 Nf6 10.
Bg2 Qe7 11. Nbd2 Qxa3 12. Rxa3 Nd7 {Arsovic,Z-Nikolic,M/Cheljabinsk/1989/0,5/})
6... Nc6 7. Bxa3 (7. O-O e5 8. d3 Nf6 9. Qa4 $5 Bd7 10. Bxa3 Bxa3 11. Qxa3 Qe7
12. Nfd2 Be6 13. Nb3 Nd7 14. N1d2 Qxa3 15. Rxa3 $14 {Rashkovsky,N-Godes,D/
Daugavpils/1978/}) 7... e5 8. Bxf8 (8. Qa4 Bxa3 9. Nxa3 (9. Qxa3 e4) 9... Bd7
10. d3 Nge7 11. O-O O-O 12. Rfb1 $44) 8... Kxf8 9. d3 g6 10. O-O Kg7 11. Nbd2
Nge7 12. Qa4 Qc7 13. Rfb1 Rb8 14. Ne1 h5 15. h4 Bg4 16. Ndf3 Rhe8 17. Nc2 Nc8
18. Nb4 (18. c5 b6 19. cxb6 Nxb6 20. Qa6 $13) 18... Nb6 19. Qa3 Nxb4 20. Rxb4
Nc8 21. Qb2 b6 22. Ng5 Nd6 23. Qa3 $6 (23. Rb1 Bd7 24. Ne4 Nxe4 25. Bxe4 $15)
23... a5 24. Rb2 Bd7 25. Rab1 $6 (25. Ne4 Nb7 26. Rab1 $15) 25... b5 $17 26.
cxb5 Rxb5 27. Qa2 Rxb2 28. Rxb2 Re7 29. Rc2 Qd8 (29... Qb6) 30. Qd5 Nb5 31. Ne4
a4 32. Bh3 a3 33. Bxd7 Qxd7 34. Qb3 Qe8 35. Ra2 (35. Rc5 Ra7 36. Qa2 f5 37. Ng5
Nc3 38. Qc4 $132) 35... Rc7 36. Qb4 Qc6 37. Kh2 Qd5 38. Qb1 (38. Ra1 Rc2 $19)
38... f5 39. Ng5 Nc3 $19 40. Qb6 Rb7 41. Ne6+ Kf6 42. Qa6 Qxe6 43. Qxb7 Qxa2
44. Qb8 Qf7 45. Qh8+ Qg7 46. Qa8 Qe7 47. Qh8+ Ke6 48. Qg8+ Kd7 49. Qxg6 a2 50.
Qa6 Qb4 51. Qa7+ Kc6 52. Qa8+ Qb7 53. Qa5 Qb6 54. Qa3 Qb1 55. Qa6+ Kc5 56. Qc4+
Kb6 (56... Kb6 57. Qe6+ Ka7 58. Qe7+ Ka6 59. Qe6+ Qb6 60. Qc4+ Ka5 $19) 0-1